000 00639nam a2200205 a 4500
008 980204s1972 m yxo a 0 slo c
040 _aSNK
_bslo
_cSNK
_eAACR2
041 1 _aslo
_hcze
044 _axo
_cSK
080 _a635.91:745.9(084.12)
245 1 0 _aKvetiny v byte
_cMachovec a kolektív ; [z českého originálu preložil Mikuláš Krippel]
260 _aBratislava
_bPríroda
_c1972
300 _a381 s., [8] s. fareb. fot. príl.
_c25 cm
500 _aNáhrada za stratený simpl.
650 0 7 _arastliny izbové
_xaranžovanie
_xpríručky
_2SNK
700 1 _4aut
020 _c45
100 1 _aMachovec, Jaroslav
958 _aA
999 _c19726
_d19726